[Event "JPN-ch"]
[Site "Tokyo"]
[Date "2018.04.29"]
[Round "1"]
[White "Endo, Haruto"]
[Black "Otawa, Yuto"]
[Result "1/2-1/2"]
[WhiteElo "1480"]
[BlackElo "1895"]
[PlyCount "98"]
[EventDate "2018.04.29"]
[EventType "swiss"]
[EventRounds "11"]
[EventCountry "JPN"]
[SourceTitle "CBM 184 Extra"]
[Source "ChessBase"]
[SourceDate "2018.06.28"]
[SourceVersion "1"]
[SourceVersionDate "2018.06.28"]
[SourceQuality "1"]

1. e4 c5 2. d4 cxd4 3. c3 dxc3 4. Nxc3 e6 5. Nf3 a6 6. Bf4 d6 7. Bc4 b5 8. Bb3 Bb7 9. 0-0 b4 10. Na4 Bxe4 11. Re1 Nf6 12. Ng5 Bf5 13. Bxe6 Bxe6 14. Nxe6 fxe6 15. Rxe6+ Kf7 16. Rxf6+ Qxf6 17. Qd5+ Qe6 18. Qxa8 Be7 19. Qf3 Bf6 20. g4 h6 21. Rd1 Rd8 22. Nb6 Nc6 23. Bg3 Ne5 24. Bxe5 Qxe5 25. Qd5+ Qxd5 26. Nxd5 Bxb2 27. Nxb4 a5 28. Nc6 Rd7 29. Nxa5 Be5 30. Nc4 Ra7 31. Nxd6+ Bxd6 32. Rxd6 Rxa2 33. Kg2 Ra3 34. h4 Ke7 35. Rg6 Kf7 36. Rb6 Rc3 37. f3 Rc1 38. Kg3 Rc4 39. g5 hxg5 40. hxg5 Ra4 41. f4 g6 42. Rf6+ Kg7 43. Rb6 Ra3+ 44. Kg4 Rc3 45. Rb7+ Kg8 46. Rb6 Kg7 47. Rb7+ Kg8 48. Rb8+ Kg7 49. Rb7+ Kg8 1/2-1/2